Sports Quiz

Random Sports or Hockey Quiz

NHL Teams (Redux) Quiz Stats

 Plays Quiz Updated Jul 8, 2021

Support Sporcle.
Go Orange.
Score 0/32 Timer 01:00
19 Plays Today
% Correct
???
67.7%
???
66.9%
???
66.6%
???
66.5%
???
66.5%
???
66.4%
???
66.1%
???
66.1%
???
65.7%
???
65.4%
???
65.2%
???
64.8%
???
64.5%
???
64.2%
???
64.1%
???
64.1%
% Correct
???
64%
???
63.8%
???
63.5%
???
63.5%
???
63.4%
???
63.3%
???
63%
???
62.9%
???
62.6%
???
62.5%
???
62.3%
???
61.8%
???
58.4%
???
57%
???
55.1%
???
52.6%

You're not logged in!

Compare scores with friends on all Sporcle quizzes.
OR
Log In
Forgot?

From the Vault

5 Television Fivesomes

by timschurz

If three's a crowd we don't even know what that makes a group of 5.
Remove Ads.
Support Sporcle.
Get the best of Sporcle when you Go Orange. This ad-free experience offers more features, more stats, and more fun while also helping to support Sporcle. Thank you for becoming a member.

Show Comments

Extras

Top Quizzes Today


Score Distribution

Your Account Isn't Verified!

In order to create a playlist on Sporcle, you need to verify the email address you used during registration. Go to your Sporcle Settings to finish the process.

Report this User

Report this user for behavior that violates our Community Guidelines.

Details: